00979nam a2200265 a 450000100060000000300080000600500170001400800410003102000150007203500190008704000270010604100080013308200300014110000300017124500820020125000120028326000740029530000330036950400510040265000430045370000280049694200120052499900170053695201600055367156BD-RjUL20211209081624.0000713s2000 paua 001 0 eng d a0683306189 a(BD-RjUL)67287 aDLCcDLCbengdBD-RjUL aeng0 223a636.0891018bBAC 20001 aBacha, William J.919893610aColor atlas of veterinary histology /cWilliam J. Bacha, Jr., Linda M. Bacha. a2nd ed. aPhiladelphia, Pa. ;aLondon :bLippincott Williams & Wilkins,cc2000. axi, 318 p. :bill. ;c29 cm. aIncludes bibliographical references and index. 0aVeterinary histologyvAtlases.91989371 aBacha, Linda M.9198938 2ddccBK c67156d67156 00102ddc40718NFICaRUCLbRUCLcReadingd2009-03-15eParagon enterprise, Dhakag89.99l0o636.0891018 BAC 2000r2017-03-22 00:00:00tC-1w2017-03-22yBK